|
|
|
|
| LEADER |
00000nam a2200000 a 4500 |
| 001 |
UCU6788 |
| 003 |
CL-VaPUC |
| 008 |
960621e19730000SP |||||||||||||||||spa|d |
| 082 |
0 |
4 |
|a 621.877
|b STR
|2 21
|
| 100 |
0 |
|
|a Strakosch, George R
|e author
|9 365181
|
| 245 |
1 |
0 |
|a Transporte vertical. Ascensores y escaleras moviles
|
| 300 |
|
|
|a 409 p
|
| 942 |
|
|
|c BK
|
| 945 |
|
|
|d 19960621 00:00:00
|a paguirre
|
| 260 |
|
|
|a Barcelona
|b Marcombo
|c 1973
|
| 650 |
|
7 |
|a ELEVADORES
|2 CL-VaPUC
|9 363857
|
| 650 |
|
0 |
|a Ascensores
|9 267480
|
| 650 |
|
0 |
|a Maquinaria
|9 260482
|
| 650 |
|
0 |
|a Ingeniería mecánica
|9 262089
|
| 583 |
|
|
|a last modification
|c 19960621 00:00:00
|k Rodrigo Vera
|
| 999 |
|
|
|c 249602
|d 249600
|
| 952 |
|
|
|0 0
|1 0
|4 0
|6 621_877000000000000_STR_1973
|7 0
|8 A
|9 266924
|a BIBING
|b BIBING
|d 2019-11-19
|i 1691341
|o 621.877 STR 1973
|p 1691341
|r 2025-01-20
|w 2019-11-19
|y BK
|k TRA
|